[Event "Benidorm Satellite preliminary"]
[Site "playchess.com #007036"]
[Date "2009.10.24"]
[Round "7"]
[White "Altamiro"]
[Black "Came On"]
[Result "0-1"]
[WhiteElo "2150"]
[BlackElo "2616"]
[PlyCount "120"]
[EventDate "2009.10.24"]
[EventType "swiss (blitz)"]

1. e4 {[%emt 0:00:02]} e5 {[%emt 0:00:01]} 2. Nf3 {[%emt 0:00:01]} Nc6 {[%emt
0:00:00]} 3. Bb5 {[%emt 0:00:01]} Nf6 {[%emt 0:00:00]} 4. O-O {[%emt 0:00:17]}
Nxe4 {[%emt 0:00:02]} 5. Re1 {[%emt 0:00:19]} Nd6 {[%emt 0:00:01]} 6. Nxe5 {
[%emt 0:00:05]} Nxe5 {[%emt 0:00:01]} 7. Rxe5+ {[%emt 0:00:07]} Be7 {[%emt 0:
00:00]} 8. Nc3 {[%emt 0:00:02]} O-O {[%emt 0:00:02]} 9. Bd3 {[%emt 0:00:08]}
Bf6 {[%emt 0:00:03]} 10. Re1 {[%emt 0:00:32]} c6 {[%emt 0:00:02]} 11. Ne4 {
[%emt 0:00:04]} Nxe4 {[%emt 0:00:01]} 12. Bxe4 {[%emt 0:00:01]} d5 {[%emt 0:00:
00]} 13. Bf3 {[%emt 0:00:05]} Bf5 {[%emt 0:00:02]} 14. d4 {[%emt 0:00:07]} Qd7
{[%emt 0:00:00]} 15. c3 {[%emt 0:00:02]} Rfe8 {[%emt 0:00:04]} 16. Be3 {[%emt
0:00:11]} Be4 {[%emt 0:00:04]} 17. Bxe4 {[%emt 0:00:02]} Rxe4 {[%emt 0:00:00]}
18. f3 {[%emt 0:00:01]} Re6 {[%emt 0:00:01]} 19. Qd2 {[%emt 0:00:03]} Rae8 {
[%emt 0:00:01]} 20. Bf2 {[%emt 0:00:01]} h6 {[%emt 0:00:10]} 21. Rxe6 {[%emt 0:
00:06]} Rxe6 {[%emt 0:00:00]} 22. Re1 {[%emt 0:00:02]} Qe8 {[%emt 0:00:03]} 23.
Rxe6 {[%emt 0:00:03]} Qxe6 {[%emt 0:00:00]} 24. Qe3 {[%emt 0:00:04]} Qf5 {
[%emt 0:00:01]} 25. g3 {[%emt 0:00:28]} Bg5 {[%emt 0:00:04]} 26. f4 {[%emt 0:
00:03]} Bf6 {[%emt 0:00:03]} 27. Kg2 {[%emt 0:00:04]} Kf8 {[%emt 0:00:03]} 28.
Qe2 {[%emt 0:00:09]} Qb1 {[%emt 0:00:07]} 29. a3 {[%emt 0:00:02]} g6 {[%emt 0:
00:01]} 30. Bg1 {[%emt 0:00:14]} b5 {[%emt 0:00:01]} 31. g4 {[%emt 0:00:05]} a5
{[%emt 0:00:04]} 32. Be3 {[%emt 0:00:03]} Qe4+ {[%emt 0:00:05]} 33. Kf2 {[%emt
0:00:02]} Bh4+ {[%emt 0:00:05]} 34. Kf1 {[%emt 0:00:05]} Qb1+ {[%emt 0:00:03]}
35. Kg2 {[%emt 0:00:02]} Be7 {[%emt 0:00:05]} 36. Bf2 {[%emt 0:00:03]} Bd6 {
[%emt 0:00:05]} 37. Bg3 {[%emt 0:00:05]} a4 {[%emt 0:00:06]} 38. g5 {[%emt 0:
00:01]} h5 {[%emt 0:00:03]} 39. h4 {[%emt 0:00:04]} Qf5 {[%emt 0:00:01]} 40.
Qf2 {[%emt 0:00:05]} Qe4+ {[%emt 0:00:02]} 41. Qf3 {[%emt 0:00:02]} Qb1 {[%emt
0:00:02]} 42. Qf2 {[%emt 0:00:02]} f6 {[%emt 0:00:00]} 43. Qe2 {[%emt 0:00:09]}
Kf7 {[%emt 0:00:09]} 44. Qf2 {[%emt 0:00:07]} Qe4+ {[%emt 0:00:05]} 45. Qf3 {
[%emt 0:00:01]} Qc2+ {[%emt 0:00:05]} 46. Qf2 {[%emt 0:00:01]} Qb1 {[%emt 0:00:
03]} 47. Qe2 {[%emt 0:00:02]} c5 {[%emt 0:00:13]} 48. Qf2 {[%emt 0:00:05]} Qe4+
{[%emt 0:00:04]} 49. Qf3 {[%emt 0:00:01]} f5 {[%emt 0:00:02]} 50. dxc5 {[%emt
0:00:03]} Bxc5 {[%emt 0:00:02]} 51. Qxe4 {[%emt 0:00:01]} dxe4 {[%emt 0:00:00]}
52. Kf1 {[%emt 0:00:01]} Ke6 {[%emt 0:00:01]} 53. Ke2 {[%emt 0:00:01]} Kd5 {
[%emt 0:00:00]} 54. Be1 {[%emt 0:00:01]} Kc4 {[%emt 0:00:00]} 55. Kd1 {[%emt 0:
00:01]} Kb3 {[%emt 0:00:01]} 56. Kc1 {[%emt 0:00:01]} Be3+ {[%emt 0:00:01]} 57.
Bd2 {[%emt 0:00:01]} Bf2 {[%emt 0:00:02]} 58. Kb1 {[%emt 0:00:05]} Bxh4 {[%emt
0:00:01]} 59. Be3 {[%emt 0:00:00]} Bg3 {[%emt 0:00:01]} 60. Bd2 {[%emt 0:00:01]
} h4 {[%emt 0:00:00] Altamiro rinde} 0-1

[Event "Benidorm Satellite preliminary"]
[Site "playchess.com #007036"]
[Date "2009.10.24"]
[Round "7"]
[White "MichelS"]
[Black "Plamínek"]
[Result "1-0"]
[WhiteElo "1809"]
[BlackElo "2089"]
[PlyCount "77"]
[EventDate "2009.10.24"]
[EventType "swiss (blitz)"]

1. d4 {[%emt 0:00:03]} Nf6 {[%emt 0:00:02]} 2. c4 {[%emt 0:00:01]} e6 {[%emt 0:
00:03]} 3. Nf3 {[%emt 0:00:03]} h6 {[%emt 0:00:02]} 4. g3 {[%emt 0:00:04]} c5 {
[%emt 0:00:01]} 5. d5 {[%emt 0:00:03]} d6 {[%emt 0:00:14]} 6. Bg2 {[%emt 0:00:
02]} e5 {[%emt 0:00:01]} 7. O-O {[%emt 0:00:01]} g6 {[%emt 0:00:08]} 8. Nc3 {
[%emt 0:00:02]} Bg7 {[%emt 0:00:01]} 9. e4 {[%emt 0:00:01]} O-O {[%emt 0:00:01]
} 10. Rb1 {[%emt 0:00:02]} b6 {[%emt 0:00:05]} 11. b4 {[%emt 0:00:01]} Nbd7 {
[%emt 0:00:15]} 12. b5 {[%emt 0:00:04]} a6 {[%emt 0:00:03]} 13. a4 {[%emt 0:00:
01]} axb5 {[%emt 0:00:01]} 14. Nxb5 {[%emt 0:00:02]} Qe7 {[%emt 0:00:02]} 15.
Qc2 {[%emt 0:00:09]} Nb8 {[%emt 0:00:12]} 16. Bd2 {[%emt 0:00:07]} Na6 {[%emt
0:00:04]} 17. Rfe1 {[%emt 0:00:03]} g5 {[%emt 0:00:21]} 18. h4 {[%emt 0:00:27]}
g4 {[%emt 0:00:04]} 19. Nh2 {[%emt 0:00:01]} Nh5 {[%emt 0:00:09]} 20. Qd1 {
[%emt 0:00:16]} Nf6 {[%emt 0:00:07]} 21. Nf1 {[%emt 0:00:07]} Bd7 {[%emt 0:00:
18]} 22. Ne3 {[%emt 0:00:02]} h5 {[%emt 0:00:03]} 23. Rf1 {[%emt 0:00:23]} Rfc8
{[%emt 0:00:07]} 24. f3 {[%emt 0:00:01]} Nb4 {[%emt 0:00:05]} 25. fxg4 {[%emt
0:00:11]} Nxg4 {[%emt 0:00:12]} 26. Nf5 {[%emt 0:00:10]} Bxf5 {[%emt 0:00:01]}
27. Rxf5 {[%emt 0:00:01]} Nd3 {[%emt 0:00:14]} 28. Rxh5 {[%emt 0:00:17]} Ndf2 {
[%emt 0:00:11]} 29. Qf3 {[%emt 0:00:17]} Rxa4 {[%emt 0:00:03]} 30. Rg5 {[%emt
0:00:02]} Rxc4 {[%emt 0:00:19]} 31. Rxg4 {[%emt 0:00:02]} Nxg4 {[%emt 0:00:02]}
32. Qxg4 {[%emt 0:00:00]} Ra8 {[%emt 0:00:08]} 33. Bh6 {[%emt 0:00:19]} f6 {
[%emt 0:00:03]} 34. Bh3 {[%emt 0:00:09]} Kh7 {[%emt 0:00:03]} 35. Be3 {[%emt 0:
00:07]} Bh6 {[%emt 0:00:21]} 36. Qh5 {[%emt 0:00:06]} Qg7 {[%emt 0:00:01]} 37.
Bf5+ {[%emt 0:00:01]} Kg8 {[%emt 0:00:02]} 38. Be6+ {[%emt 0:00:07] .} Kh7 {
[%emt 0:00:05]} 39. g4 {[%emt 0:00:08] ' Zeit} 1-0

[Event "Benidorm Satellite preliminary"]
[Site "playchess.com #007036"]
[Date "2009.10.24"]
[Round "7"]
[White "Necromant"]
[Black "Master--Sim"]
[Result "1-0"]
[WhiteElo "2459"]
[BlackElo "2001"]
[PlyCount "147"]
[EventDate "2009.10.24"]
[EventType "swiss (blitz)"]

1. e4 {[%emt 0:00:02]} e6 {[%emt 0:00:02]} 2. d4 {[%emt 0:00:01]} d5 {[%emt 0:
00:01]} 3. Nc3 {[%emt 0:00:00]} Nf6 {[%emt 0:00:01]} 4. e5 {[%emt 0:00:01]}
Nfd7 {[%emt 0:00:01]} 5. f4 {[%emt 0:00:00]} c5 {[%emt 0:00:00]} 6. Nf3 {[%emt
0:00:00]} Nc6 {[%emt 0:00:01]} 7. Be3 {[%emt 0:00:01]} a6 {[%emt 0:00:01]} 8.
Qd2 {[%emt 0:00:02]} b5 {[%emt 0:00:02]} 9. a3 {[%emt 0:00:01]} Bb7 {[%emt 0:
00:02]} 10. g3 {[%emt 0:00:02]} cxd4 {[%emt 0:00:02]} 11. Nxd4 {[%emt 0:00:01]}
Bc5 {[%emt 0:00:03]} 12. Nce2 {[%emt 0:00:02]} Qb6 {[%emt 0:00:06]} 13. c3 {
[%emt 0:00:05]} Nxd4 {[%emt 0:00:04]} 14. cxd4 {[%emt 0:00:03]} Be7 {[%emt 0:
00:01]} 15. Bh3 {[%emt 0:00:08]} g6 {[%emt 0:00:03]} 16. O-O {[%emt 0:00:02]}
h5 {[%emt 0:00:02]} 17. Rac1 {[%emt 0:00:16]} Kf8 {[%emt 0:00:03]} 18. Rc2 {
[%emt 0:00:23]} Kg7 {[%emt 0:00:03]} 19. Rfc1 {[%emt 0:00:01]} Rac8 {[%emt 0:
00:03]} 20. Bf1 {[%emt 0:00:02]} Rxc2 {[%emt 0:00:04]} 21. Rxc2 {[%emt 0:00:02]
} Rc8 {[%emt 0:00:01]} 22. Nc3 {[%emt 0:00:03]} b4 {[%emt 0:00:07]} 23. axb4 {
[%emt 0:00:23]} Bxb4 {[%emt 0:00:00]} 24. h3 {[%emt 0:00:04]} a5 {[%emt 0:00:
03]} 25. g4 {[%emt 0:00:05]} hxg4 {[%emt 0:00:02]} 26. hxg4 {[%emt 0:00:01]}
Ba6 {[%emt 0:00:02]} 27. Bh3 {[%emt 0:00:02]} Bc4 {[%emt 0:00:12]} 28. f5 {
[%emt 0:00:11]} exf5 {[%emt 0:00:13]} 29. gxf5 {[%emt 0:00:01]} gxf5 {[%emt 0:
00:01]} 30. Qe1 {[%emt 0:00:20]} Rg8 {[%emt 0:00:08]} 31. Bxf5 {[%emt 0:00:08]}
Kf8+ {[%emt 0:00:03]} 32. Rg2 {[%emt 0:00:02]} Rxg2+ {[%emt 0:00:03]} 33. Kxg2
{[%emt 0:00:00]} Ke8 {[%emt 0:00:05]} 34. Qh4 {[%emt 0:00:06]} Nf8 {[%emt 0:00:
04]} 35. Bc2 {[%emt 0:00:18]} Be7 {[%emt 0:00:03]} 36. Ba4+ {[%emt 0:00:06]}
Kd8 {[%emt 0:00:03]} 37. Qf2 {[%emt 0:00:04]} Qg6+ {[%emt 0:00:05]} 38. Qg3 {
[%emt 0:00:14]} Qxg3+ {[%emt 0:00:03]} 39. Kxg3 {[%emt 0:00:01]} Ne6 {[%emt 0:
00:01]} 40. b3 {[%emt 0:00:03]} Bd3 {[%emt 0:00:03]} 41. Nxd5 {[%emt 0:00:02]}
Ba3 {[%emt 0:00:07]} 42. Nf4 {[%emt 0:00:05]} Bb2 {[%emt 0:00:06]} 43. Nxe6+ {
[%emt 0:00:07]} fxe6 {[%emt 0:00:00]} 44. Kf4 {[%emt 0:00:07]} Ke7 {[%emt 0:00:
05]} 45. Bd2 {[%emt 0:00:09]} Bxd4 {[%emt 0:00:04]} 46. Bxa5 {[%emt 0:00:01]}
Kf7 {[%emt 0:00:04]} 47. Bc6 {[%emt 0:00:05]} Bb2 {[%emt 0:00:03]} 48. Bc7 {
[%emt 0:00:08]} Bc3 {[%emt 0:00:04]} 49. Bd6 {[%emt 0:00:02]} Bd2+ {[%emt 0:00:
01]} 50. Kf3 {[%emt 0:00:01]} Kg6 {[%emt 0:00:04]} 51. Be4+ {[%emt 0:00:03]}
Bxe4+ {[%emt 0:00:03]} 52. Kxe4 {[%emt 0:00:00]} Kf7 {[%emt 0:00:03]} 53. Kd3 {
[%emt 0:00:02]} Ba5 {[%emt 0:00:04]} 54. Kc4 {[%emt 0:00:01]} Ke8 {[%emt 0:00:
02]} 55. Kb5 {[%emt 0:00:01]} Bc3 {[%emt 0:00:06]} 56. Kc6 {[%emt 0:00:01]} Kd8
{[%emt 0:00:01]} 57. b4 {[%emt 0:00:02]} Kc8 {[%emt 0:00:02]} 58. b5 {[%emt 0:
00:01]} Bd4 {[%emt 0:00:02]} 59. b6 {[%emt 0:00:01]} Bxb6 {[%emt 0:00:03]} 60.
Kxb6 {[%emt 0:00:00]} Kd7 {[%emt 0:00:01]} 61. Kb7 {[%emt 0:00:01]} Kd8 {[%emt
0:00:01]} 62. Kc6 {[%emt 0:00:00] Master--Sim bietet Remis} Ke8 {[%emt 0:00:03]
} 63. Kc7 {[%emt 0:00:01]} Kf7 {[%emt 0:00:01]} 64. Kd7 {[%emt 0:00:00]} Kg6 {
[%emt 0:00:02]} 65. Kxe6 {[%emt 0:00:00]} Kg7 {[%emt 0:00:01]} 66. Kd7 {[%emt
0:00:01]} Kh7 {[%emt 0:00:00]} 67. e6 {[%emt 0:00:01]} Kg6 {[%emt 0:00:00]} 68.
e7 {[%emt 0:00:01]} Kg7 {[%emt 0:00:00]} 69. e8=Q {[%emt 0:00:01]} Kh7 {[%emt
0:00:01]} 70. Qe1 {[%emt 0:00:03]} Kh6 {[%emt 0:00:01]} 71. Qg1 {[%emt 0:00:01]
} Kh5 {[%emt 0:00:01]} 72. Ke6 {[%emt 0:00:01]} Kh4 {[%emt 0:00:01]} 73. Kf5 {
[%emt 0:00:01]} Kh5 {[%emt 0:00:00]} 74. Qh1# {[%emt 0:00:01]} 1-0

[Event "Benidorm Satellite preliminary"]
[Site "playchess.com #007036"]
[Date "2009.10.24"]
[Round "7"]
[White "chess-vador"]
[Black "FlorianKull"]
[Result "0-1"]
[WhiteElo "1797"]
[BlackElo "2032"]
[PlyCount "80"]
[EventDate "2009.10.24"]
[EventType "swiss (blitz)"]

1. d4 {[%emt 0:00:03]} d5 {[%emt 0:00:01]} 2. Nf3 {[%emt 0:00:02]} c6 {[%emt 0:
00:02]} 3. Bf4 {[%emt 0:00:03]} Bf5 {[%emt 0:00:01]} 4. Nbd2 {[%emt 0:00:03]}
e6 {[%emt 0:00:01]} 5. e3 {[%emt 0:00:01]} Nd7 {[%emt 0:00:01]} 6. h3 {[%emt 0:
00:02]} Ngf6 {[%emt 0:00:01]} 7. g4 {[%emt 0:00:05]} Bg6 {[%emt 0:00:03]} 8.
Ne5 {[%emt 0:00:01]} Nxe5 {[%emt 0:00:02]} 9. dxe5 {[%emt 0:00:03]} Nd7 {[%emt
0:00:02]} 10. Bd3 {[%emt 0:00:03]} Be7 {[%emt 0:00:04]} 11. Nf3 {[%emt 0:00:06]
} Nc5 {[%emt 0:00:08]} 12. O-O {[%emt 0:00:41]} Nxd3 {[%emt 0:00:06]} 13. cxd3
{[%emt 0:00:02]} h5 {[%emt 0:00:02]} 14. g5 {[%emt 0:00:02]} f6 {[%emt 0:00:10]
} 15. exf6 {[%emt 0:00:08]} gxf6 {[%emt 0:00:01]} 16. h4 {[%emt 0:00:10]} fxg5
{[%emt 0:00:12]} 17. Nxg5 {[%emt 0:00:08]} Qd7 {[%emt 0:00:26]} 18. Be5 {[%emt
0:00:05]} Rg8 {[%emt 0:00:05]} 19. f4 {[%emt 0:00:02]} O-O-O {[%emt 0:00:15]}
20. Qa4 {[%emt 0:00:13]} a6 {[%emt 0:00:04]} 21. Qd4 {[%emt 0:00:23]} Bd6 {
[%emt 0:00:05]} 22. Bxd6 {[%emt 0:00:36]} Qxd6 {[%emt 0:00:03]} 23. b4 {[%emt
0:00:01]} Bf5 {[%emt 0:00:15]} 24. a4 {[%emt 0:00:09]} Rde8 {[%emt 0:00:22]}
25. b5 {[%emt 0:00:15]} c5 {[%emt 0:00:16]} 26. Rfc1 {[%emt 0:00:08]} b6 {
[%emt 0:00:07]} 27. bxa6 {[%emt 0:00:02]} Kb8 {[%emt 0:00:06]} 28. Qb2 {[%emt
0:00:12]} Ka7 {[%emt 0:00:03]} 29. a5 {[%emt 0:00:02]} Rb8 {[%emt 0:00:03]} 30.
axb6+ {[%emt 0:00:02]} Rxb6 {[%emt 0:00:04]} 31. Qa3 {[%emt 0:00:01]} Bxd3 {
[%emt 0:00:09]} 32. Qxc5 {[%emt 0:00:02]} Bc4 {[%emt 0:00:10] '} 33. Qxd6 {
[%emt 0:00:04]} Rxd6 {[%emt 0:00:00]} 34. Kf2 {[%emt 0:00:01]} Rb8 {[%emt 0:00:
06]} 35. Nf7 {[%emt 0:00:02]} Rdb6 {[%emt 0:00:03]} 36. Ne5 {[%emt 0:00:03]}
Rb2+ {[%emt 0:00:02]} 37. Kf3 {[%emt 0:00:05]} Be2+ {[%emt 0:00:03]} 38. Kg3 {
[%emt 0:00:01]} Rg8+ {[%emt 0:00:04]} 39. Kf2 {[%emt 0:00:03]} Bxa6+ {[%emt 0:
00:05]} 40. Kf3 {[%emt 0:00:03]} Kb7 {[%emt 0:00:01] Temps} 0-1

[Event "Benidorm Satellite preliminary"]
[Site "playchess.com #007036"]
[Date "2009.10.24"]
[Round "7"]
[White "Vijayvikram"]
[Black "Alexrules01"]
[Result "1-0"]
[WhiteElo "1744"]
[BlackElo "1597"]
[PlyCount "67"]
[EventDate "2009.10.24"]
[EventType "swiss (blitz)"]

1. e4 {[%emt 0:00:00]} c5 {[%emt 0:00:01]} 2. d3 {[%emt 0:00:01]} Nc6 {[%emt 0:
00:01]} 3. Nd2 {[%emt 0:00:00]} g6 {[%emt 0:00:01]} 4. Ngf3 {[%emt 0:00:01]}
Bg7 {[%emt 0:00:01]} 5. g3 {[%emt 0:00:01]} Nf6 {[%emt 0:00:01]} 6. Bg2 {[%emt
0:00:01]} d6 {[%emt 0:00:01]} 7. O-O {[%emt 0:00:01]} O-O {[%emt 0:00:02]} 8.
Re1 {[%emt 0:00:01]} b5 {[%emt 0:00:01]} 9. c3 {[%emt 0:00:01]} a5 {[%emt 0:00:
02]} 10. a4 {[%emt 0:00:01]} b4 {[%emt 0:00:03]} 11. Qc2 {[%emt 0:00:03]} Nd7 {
[%emt 0:00:26]} 12. Nc4 {[%emt 0:00:47]} Ba6 {[%emt 0:00:06]} 13. Ne3 {[%emt 0:
00:14]} Nde5 {[%emt 0:00:04]} 14. Nxe5 {[%emt 0:00:19]} Nxe5 {[%emt 0:00:02]}
15. c4 {[%emt 0:00:07]} Rb8 {[%emt 0:00:22]} 16. Rb1 {[%emt 0:00:18]} Nc6 {
[%emt 0:00:05]} 17. b3 {[%emt 0:00:03]} Nd4 {[%emt 0:00:42]} 18. Qd1 {[%emt 0:
00:02]} Qd7 {[%emt 0:00:14]} 19. f4 {[%emt 0:00:24]} Bb7 {[%emt 0:00:10]} 20.
Rf1 {[%emt 0:00:07]} Rbe8 {[%emt 0:00:34]} 21. f5 {[%emt 0:00:11]} Kh8 {[%emt
0:00:03]} 22. g4 {[%emt 0:00:37]} Ba8 {[%emt 0:00:16]} 23. h4 {[%emt 0:00:19]}
Kg8 {[%emt 0:00:18] '} 24. g5 {[%emt 0:00:02]} f6 {[%emt 0:00:01]} 25. Qg4 {
[%emt 0:00:03]} gxf5 {[%emt 0:00:10]} 26. Nxf5 {[%emt 0:00:02]} Nxf5 {[%emt 0:
00:02]} 27. Rxf5 {[%emt 0:00:01]} Kh8 {[%emt 0:00:02]} 28. Be3 {[%emt 0:00:03]}
Rg8 {[%emt 0:00:01]} 29. Rbf1 {[%emt 0:00:03]} fxg5 {[%emt 0:00:02]} 30. Rxg5 {
[%emt 0:00:01]} Bf6 {[%emt 0:00:03]} 31. Qxd7 {[%emt 0:00:02]} Bxg5 {[%emt 0:
00:03]} 32. Bxg5 {[%emt 0:00:01]} Rd8 {[%emt 0:00:02]} 33. Qxe7 {[%emt 0:00:01]
} Rge8 {[%emt 0:00:02]} 34. Bf6+ {[%emt 0:00:01] Alexrules01 resigns} 1-0

[Event "Benidorm Satellite preliminary"]
[Site "playchess.com #007036"]
[Date "2009.10.24"]
[Round "7"]
[White "JohnMLN"]
[Black "Lei"]
[Result "1-0"]
[WhiteElo "1632"]
[BlackElo "1393"]
[PlyCount "73"]
[EventDate "2009.10.24"]
[EventType "swiss (blitz)"]

1. e4 {[%emt 0:00:07]} e5 {[%emt 0:00:01]} 2. Nf3 {[%emt 0:00:17]} Nc6 {[%emt
0:00:01]} 3. c3 {[%emt 0:00:08]} Nf6 {[%emt 0:00:02]} 4. Bd3 {[%emt 0:00:02]}
Bc5 {[%emt 0:00:03]} 5. O-O {[%emt 0:00:02]} O-O {[%emt 0:00:02]} 6. Qe1 {
[%emt 0:00:06]} d6 {[%emt 0:00:07]} 7. Bc2 {[%emt 0:00:10]} Ne7 {[%emt 0:00:02]
} 8. d3 {[%emt 0:00:02]} c6 {[%emt 0:00:01]} 9. Nbd2 {[%emt 0:00:02]} Bb6 {
[%emt 0:00:01]} 10. a4 {[%emt 0:00:02]} a5 {[%emt 0:00:04]} 11. Nc4 {[%emt 0:
00:02]} Bc7 {[%emt 0:00:06]} 12. Be3 {[%emt 0:00:02]} d5 {[%emt 0:00:04]} 13.
Ncd2 {[%emt 0:00:08]} b6 {[%emt 0:00:06]} 14. Bg5 {[%emt 0:00:27]} Ng6 {[%emt
0:00:18]} 15. exd5 {[%emt 0:00:05]} cxd5 {[%emt 0:00:03]} 16. Qe2 {[%emt 0:00:
09]} h6 {[%emt 0:00:02]} 17. Bh4 {[%emt 0:00:19]} Nxh4 {[%emt 0:00:05]} 18.
Nxh4 {[%emt 0:00:00]} Bg4 {[%emt 0:00:14]} 19. Nhf3 {[%emt 0:00:05]} Re8 {
[%emt 0:00:10]} 20. Qe3 {[%emt 0:00:03]} Qd6 {[%emt 0:00:11]} 21. Rae1 {[%emt
0:00:14]} Rad8 {[%emt 0:00:34]} 22. h3 {[%emt 0:00:09]} Bh5 {[%emt 0:00:03]}
23. g4 {[%emt 0:00:02]} Bg6 {[%emt 0:00:01]} 24. Nh4 {[%emt 0:00:02]} Re6 {
[%emt 0:00:11]} 25. Nxg6 {[%emt 0:00:03]} fxg6 {[%emt 0:00:01]} 26. Nf3 {[%emt
0:00:02]} e4 {[%emt 0:00:10]} 27. dxe4 {[%emt 0:00:03]} dxe4 {[%emt 0:00:10]}
28. Re2 {[%emt 0:00:07]} exf3 {[%emt 0:00:05]} 29. Qxe6+ {[%emt 0:00:03]} Qxe6
{[%emt 0:00:03]} 30. Rxe6 {[%emt 0:00:00]} Nd5 {[%emt 0:00:19]} 31. Bxg6 {
[%emt 0:00:05]} Nf4 {[%emt 0:00:02]} 32. Rc6 {[%emt 0:00:01]} Nxh3+ {[%emt 0:
00:16]} 33. Kh1 {[%emt 0:00:02]} Rd1 {[%emt 0:00:14]} 34. Rxd1 {[%emt 0:00:19]
.} Nxf2+ {[%emt 0:00:02]} 35. Kg1 {[%emt 0:00:00]} Nxd1 {[%emt 0:00:08]} 36.
Rxc7 {[%emt 0:00:01]} f2+ {[%emt 0:00:05]} 37. Kf1 {[%emt 0:00:06] Lei resigns}
1-0

[Event "Benidorm Satellite preliminary"]
[Site "playchess.com #007036"]
[Date "2009.10.24"]
[Round "7"]
[White "Borya_ider"]
[Black "Maximums"]
[Result "0-1"]
[WhiteElo "2667"]
[BlackElo "2630"]
[PlyCount "84"]
[EventDate "2009.10.24"]
[EventType "swiss (blitz)"]

1. d4 {[%emt 0:00:06]} d5 {[%emt 0:00:01]} 2. Nf3 {[%emt 0:00:01]} Nf6 {[%emt
0:00:01]} 3. c4 {[%emt 0:00:01]} c6 {[%emt 0:00:01]} 4. e3 {[%emt 0:00:01]} Bg4
{[%emt 0:00:02]} 5. Qb3 {[%emt 0:00:01]} Qb6 {[%emt 0:00:03]} 6. Nc3 {[%emt 0:
00:01]} Bxf3 {[%emt 0:00:02]} 7. gxf3 {[%emt 0:00:01]} e6 {[%emt 0:00:01]} 8.
Qc2 {[%emt 0:00:02]} Nbd7 {[%emt 0:00:03]} 9. f4 {[%emt 0:00:02]} Be7 {[%emt 0:
00:12]} 10. c5 {[%emt 0:00:01]} Qc7 {[%emt 0:00:02]} 11. Bd3 {[%emt 0:00:01]}
b6 {[%emt 0:00:03]} 12. b4 {[%emt 0:00:01]} a5 {[%emt 0:00:02]} 13. cxb6 {
[%emt 0:00:22]} Qxb6 {[%emt 0:00:17]} 14. bxa5 {[%emt 0:00:11]} Qxa5 {[%emt 0:
00:18]} 15. O-O {[%emt 0:00:04]} O-O {[%emt 0:00:06]} 16. Bd2 {[%emt 0:00:02]}
Qc7 {[%emt 0:00:20]} 17. Rfc1 {[%emt 0:00:11]} Rfc8 {[%emt 0:00:02]} 18. Kh1 {
[%emt 0:00:06]} c5 {[%emt 0:00:06]} 19. f5 {[%emt 0:00:10]} e5 {[%emt 0:00:18]}
20. Nb5 {[%emt 0:00:10]} Qd8 {[%emt 0:00:03]} 21. dxe5 {[%emt 0:00:34]} Nxe5 {
[%emt 0:00:03]} 22. Be2 {[%emt 0:00:00]} Ne4 {[%emt 0:00:15]} 23. Be1 {[%emt 0:
00:04]} Bf6 {[%emt 0:00:03]} 24. f3 {[%emt 0:00:02]} Nd6 {[%emt 0:00:02]} 25.
Rab1 {[%emt 0:00:03]} h6 {[%emt 0:00:32]} 26. Rd1 {[%emt 0:00:03]} d4 {[%emt 0:
00:25]} 27. f4 {[%emt 0:00:24]} Nxb5 {[%emt 0:00:16]} 28. Rxb5 {[%emt 0:00:02]}
d3 {[%emt 0:00:06]} 29. Bxd3 {[%emt 0:00:02]} Nxd3 {[%emt 0:00:01]} 30. Rxd3 {
[%emt 0:00:01]} Qe8 {[%emt 0:00:01]} 31. Rb1 {[%emt 0:00:02]} Qe4+ {[%emt 0:00:
02]} 32. Kg1 {[%emt 0:00:00]} Rxa2 {[%emt 0:00:01]} 33. Qxa2 {[%emt 0:00:05]}
Qxd3 {[%emt 0:00:01]} 34. Rb3 {[%emt 0:00:01]} Qxf5 {[%emt 0:00:02]} 35. Qe2 {
[%emt 0:00:11]} c4 {[%emt 0:00:02]} 36. Rb7 {[%emt 0:00:21] .} c3 {[%emt 0:00:
02]} 37. Rb5 {[%emt 0:00:01]} Qe4 {[%emt 0:00:03]} 38. Qd1 {[%emt 0:00:32]} c2
{[%emt 0:00:02]} 39. Qc1 {[%emt 0:00:00]} Qd3 {[%emt 0:00:05]} 40. Ra5 {[%emt
0:00:08]} Rb8 {[%emt 0:00:02]} 41. Kf2 {[%emt 0:00:04]} Rb1 {[%emt 0:00:02]}
42. Qa3 {[%emt 0:00:00]} Rxe1 {[%emt 0:00:02] Borya_ider abandonne  (Lag: Av=0.
55s, max=1.9s)} 0-1

[Event "Benidorm Satellite preliminary"]
[Site "playchess.com #007036"]
[Date "2009.10.24"]
[Round "7"]
[White "Kendo"]
[Black "High_me"]
[Result "1-0"]
[WhiteElo "2666"]
[BlackElo "2534"]
[PlyCount "101"]
[EventDate "2009.10.24"]
[EventType "swiss (blitz)"]

1. c4 {[%emt 0:00:06]} Nf6 {[%emt 0:00:02]} 2. g3 {[%emt 0:00:05]} g6 {[%emt 0:
00:02]} 3. Bg2 {[%emt 0:00:01]} Bg7 {[%emt 0:00:00]} 4. Nc3 {[%emt 0:00:02]}
O-O {[%emt 0:00:01]} 5. Nf3 {[%emt 0:00:06]} d6 {[%emt 0:00:01]} 6. O-O {[%emt
0:00:01]} e5 {[%emt 0:00:03]} 7. d3 {[%emt 0:00:02]} Nbd7 {[%emt 0:00:09]} 8.
Rb1 {[%emt 0:00:06]} Re8 {[%emt 0:00:08]} 9. Qc2 {[%emt 0:00:12]} Nc5 {[%emt 0:
00:07]} 10. b4 {[%emt 0:00:03]} Ne6 {[%emt 0:00:01]} 11. e3 {[%emt 0:00:04]} h5
{[%emt 0:00:07]} 12. Nd5 {[%emt 0:00:24]} Nh7 {[%emt 0:00:07]} 13. e4 {[%emt 0:
00:20]} c6 {[%emt 0:00:08]} 14. Nc3 {[%emt 0:00:03]} Bd7 {[%emt 0:00:35]} 15.
b5 {[%emt 0:00:04]} c5 {[%emt 0:00:03]} 16. Nd5 {[%emt 0:00:04]} Nc7 {[%emt 0:
00:06]} 17. Nxc7 {[%emt 0:00:16]} Qxc7 {[%emt 0:00:00]} 18. Ng5 {[%emt 0:00:07]
} Qd8 {[%emt 0:00:29]} 19. Nxh7 {[%emt 0:00:07]} Kxh7 {[%emt 0:00:00]} 20. f4 {
[%emt 0:00:02]} exf4 {[%emt 0:00:16]} 21. Bxf4 {[%emt 0:00:03]} Qe7 {[%emt 0:
00:02]} 22. h4 {[%emt 0:00:18]} Bg4 {[%emt 0:00:01]} 23. Bf3 {[%emt 0:00:06]}
Bh3 {[%emt 0:00:07]} 24. Bg2 {[%emt 0:00:02]} Bg4 {[%emt 0:00:01]} 25. Kh2 {
[%emt 0:00:04]} Be5 {[%emt 0:00:05]} 26. Bh3 {[%emt 0:00:08]} Bxh3 {[%emt 0:00:
49]} 27. Kxh3 {[%emt 0:00:00]} Qe6+ {[%emt 0:00:02]} 28. Kg2 {[%emt 0:00:07]}
Re7 {[%emt 0:00:02]} 29. Rf3 {[%emt 0:00:04]} Rf8 {[%emt 0:00:09]} 30. Rbf1 {
[%emt 0:00:02]} Bd4 {[%emt 0:00:05]} 31. Qd2 {[%emt 0:00:38] .} f5 {[%emt 0:00:
05]} 32. Be3 {[%emt 0:00:06]} Bxe3 {[%emt 0:00:02]} 33. Qxe3 {[%emt 0:00:01]}
Qe5 {[%emt 0:00:02]} 34. Qg5 {[%emt 0:00:03]} Ref7 {[%emt 0:00:01]} 35. exf5 {
[%emt 0:00:04]} Rxf5 {[%emt 0:00:00]} 36. Rxf5 {[%emt 0:00:01]} Rxf5 {[%emt 0:
00:03]} 37. Rxf5 {[%emt 0:00:01]} Qxf5 {[%emt 0:00:01]} 38. Qe7+ {[%emt 0:00:
04]} Kh6 {[%emt 0:00:01]} 39. Qxd6 {[%emt 0:00:00]} b6 {[%emt 0:00:03]} 40.
Qf4+ {[%emt 0:00:02]} Kg7 {[%emt 0:00:06]} 41. Qxf5 {[%emt 0:00:05]} gxf5 {
[%emt 0:00:00]} 42. Kf3 {[%emt 0:00:01]} Kf7 {[%emt 0:00:04]} 43. Kf4 {[%emt 0:
00:01]} Kf6 {[%emt 0:00:01]} 44. a3 {[%emt 0:00:03]} Ke6 {[%emt 0:00:01]} 45.
Kg5 {[%emt 0:00:01]} Ke5 {[%emt 0:00:00]} 46. Kxh5 {[%emt 0:00:00]} Kd4 {[%emt
0:00:00]} 47. Kg5 {[%emt 0:00:01]} Kxd3 {[%emt 0:00:00]} 48. h5 {[%emt 0:00:01]
} Kxc4 {[%emt 0:00:00]} 49. h6 {[%emt 0:00:00]} Kxb5 {[%emt 0:00:00]} 50. h7 {
[%emt 0:00:00]} c4 {[%emt 0:00:00]} 51. h8=Q {[%emt 0:00:01] High_me gibt auf}
1-0